000 00295nam a22001337a 4500
008 170307b xxu||||| |||| 00| 0 eng d
020 _a044308890X
041 _aeng
080 _22ND
_a611
100 _a6
101 _aSHM
245 _aSECTIONAL ANATOMY BY MRI
_cBERGMAN, R.A
942 _2udc
_cBK
999 _c7033
_d7033